Statistics for First Countries To Sink

Click here to take the quiz!

General Stats

  • This quiz has been taken 15 times
  • The average score is 7 of 16

Answer Stats

PlaceFirst Countries To Sink% Correct
15Denmark
62%
7United Kingdom
62%
16Ireland
54%
1Japan
54%
3United States
54%
8Bangladesh
46%
6Indonesia
46%
14Canada
38%
2India
38%
12Portugal
38%
11Australia
31%
5Thailand
31%
4Turkey
31%
13United Arab Emirates
31%
9Vietnam
31%
10Egypt
23%

Score Distribution

Percentile by Number Answered

Percent of People with Each Score

Your Score History

You have not taken this quiz